|
|
|
|
| LEADER |
00000nam0a2200000 4500 |
| 001 |
167495 |
| 005 |
20231031162820.0 |
| 010 |
|
|
|a 5030014373
|
| 020 |
|
|
|a RU
|b 90-68760
|
| 035 |
|
|
|a (RuTPU)RU\TPU\book\181711
|
| 090 |
|
|
|a 167495
|
| 100 |
|
|
|a 20091015d1990 km y0rusy5003 ca
|
| 101 |
1 |
|
|a rus
|c eng
|
| 102 |
|
|
|a RU
|
| 105 |
|
|
|a a z 001zy
|
| 200 |
1 |
|
|a Космическая плазма. Энергичные частицы в магнитосфере Земли
|e сборник статей
|e пер. с англ.
|
| 210 |
|
|
|a Москва
|c Мир
|d 1990
|
| 215 |
|
|
|a 436 с.
|c ил.
|
| 320 |
|
|
|a Библиогр. в конце ст.
|
| 610 |
1 |
|
|a космическая плазма
|
| 610 |
1 |
|
|a магнитное поле Земли
|
| 610 |
1 |
|
|a физика
|
| 610 |
1 |
|
|a атмосфера
|
| 610 |
1 |
|
|a геология
|
| 610 |
1 |
|
|a магнитосфера
|
| 610 |
1 |
|
|a магнитосферная плазма
|
| 610 |
1 |
|
|a заряженные частицы
|
| 675 |
|
|
|a 551.510.53
|z rus
|
| 701 |
|
1 |
|a Акуна
|b М.
|g Марио
|
| 701 |
|
1 |
|a Глеклер
|b Г.
|g Георг
|
| 702 |
|
1 |
|a Мигулин
|b В. В.
|4 340
|
| 801 |
|
0 |
|a RU
|b RuMRKP
|c 19950417
|g psbo
|
| 801 |
|
1 |
|a RU
|b 63413507
|c 20091015
|
| 801 |
|
2 |
|a RU
|b 63413507
|c 20130617
|g RCR
|
| 942 |
|
|
|c BK
|